Ηρωίνη

Αποθηκεύτηκε σε:
Λεπτομέρειες βιβλιογραφικής εγγραφής
Κύριος συγγραφέας: Hawkes, Nigel
Άλλοι συγγραφείς: Μαύρου, Ολγα (trlf)
Μορφή: Βιβλίο
Γλώσσα:Greek
English
Δημοσίευση: Αθήνα : Κέδρος, 1988.
Σειρά:Θέματα (Κέδρος)
Θέματα:
Ετικέτες: Προσθήκη ετικέτας
Δεν υπάρχουν, Καταχωρήστε ετικέτα πρώτοι!

MARC

LEADER 00000cam a2200000 i 4500
001 1/88698
008 930910s1988 gr | ||| |||| ||gre||
020 |a 9600400717 
035 |a 1989  |b 2  |c Δωρεά  |l 10035566 
040 |a GR-MY-UA  |b gre  |e aacr 
041 1 |a gre  |h eng 
082 7 |a 362.293   |2 (22) 
100 1 |a Hawkes, Nigel. 
245 1 0 |a Ηρωίνη /  |c Nigel Hawkes ; εικονογράφηση Ron Hayward Associates ; μετάφραση: Όλγα Μαύρου.  
260 |a Αθήνα :   |b Κέδρος,   |c 1988.  
300 |a 32 σ. :   |b εικ. ;   |c 28 εκ.  
490 1 |a (Θέματα / Κέδρος) 
500 |a Τίτλος πρωτοτύπου: The heroin trail.  
650 0 0 |a Heroin  |x Juvenile literature. 
650 0 0 |a Heroin. 
650 0 0 |a Narcotics  |x Juvenile literature. 
700 1 |a Μαύρου, Ολγα,  |e trlf 
830 0 |a Θέματα (Κέδρος) 
852 |a INST  |b RHODES  |e 19930910  |h 362.293 HAW  |p 005400004080  |q 005400004080  |t BK  |y 0 
909 |a Ρ  |b 014737 
970 |z 10-09-1993